LEADER 01492nas 2200445 450 001 996518465503316 005 20230217213020.0 011 $a1743-6109 035 $a(OCoLC)56519822 035 $a(CKB)111097776606048 035 $a(CONSER)--2005242035 035 $a(StDuBDS)17436109 035 $a(EXLCZ)99111097776606048 100 $a20221202a20239999 |y| | 101 0 $aeng 135 $aurun||||||||| 181 $ctxt$2rdacontent 182 $cc$2rdamedia 183 $acr$2rdacarrier 200 04$aThe journal of sexual medicine /$feditor-in-chief, John P. Mulhall, MD, MSc, FECSM, FACS (USA), FRCSI$b[electronic resource] 210 31$aOxford :$cOxford University Press,$d2023- 215 $a1 online resource 300 $a"ISSM"--Home page. 311 $a1743-6095 330 8 $a'The Journal of Sexual Medicine' publishes multidisciplinary basic science and clinical research on male, female, and couples sexual function and dysfunction. 606 $aSexual disorders$vPeriodicals 606 $aSexual health$vPeriodicals 606 $aSex (Biology)$vPeriodicals 615 0$aSexual disorders 615 0$aSexual health 615 0$aSex (Biology) 676 $a616.6905 702 $aMulhall$b John P. 712 02$aInternational Society for Sexual and Impotence Research, 801 0$bStDuBDS 801 1$bStDuBDS 906 $aJOURNAL 912 $a996518465503316 996 $aThe journal of sexual medicine$91890156 997 $aUNISA LEADER 01017nas 2200385 c 450 001 9910891609403321 005 20260218112102.0 035 $a(CKB)4340000000117344 035 $a(DE-101)1081329254 035 $a(DE-599)ZDB2844355-X 035 $a(DE-599)2844355-X 035 $a(EXLCZ)994340000000117344 100 $a20160118a20159999 |y | 101 0 $aeng 135 $aur||||||||||| 181 $ctxt$2rdacontent 182 $cc$2rdamedia 183 $acr$2rdacarrier 200 00$aCivil engineering journal$eCEJ 210 31$a[Tehran]$c[K. N. Toosi University of Technology]$d[2015]- 215 $aOnline-Ressource 300 $aGesehen am 18.01.16 311 08$a2476-3055 517 $aCivil engineering journal 517 3 $aCEJ 517 1 $aC.E.J 608 $aZeitschrift$2gnd-content 676 $a620 801 0$b0089 801 1$bDE-101 801 2$b9999 906 $aJOURNAL 912 $a9910891609403321 996 $aCivil engineering journal$94264659 997 $aUNINA